000 00866cab a2200229 4500
001 ABS54280
008 090401t1996 xxu||||| |||| 00| 0 eng d
035 _a(Sirsi) u9514
041 _aeng
100 _aFraser, W
245 2 _aA schematic model of the commercial property market
260 _c1996
350 _a0
490 _aCSM (Chartered Surveyor Monthly)
_v5(4) January 1996, 32-33(2)
520 _aDemonstrates the author`s schematic model of the commercial property market representing the principal internal dynamics of the property market and its relationship with the stock of property and the external economic and regulatory context.
650 _aPROPERTY-COMMERCIAL PROPERTY-COMMERCIAL PROPERTY MARKET
650 _aMODELLING
650 _aSCHEMATIC MODEL
690 _aPROPERTY-COMMERCIAL PROPERTY
942 _n0
948 _c04/03/1997
999 _c5954
_d5954